Bharat Buranji (Record no. 4886)

MARC details
000 -LEADER
fixed length control field 00451cam a2200181ua 4500
001 - CONTROL NUMBER
control field 5732
005 - DATE AND TIME OF LATEST TRANSACTION
control field 20260515113929.0
008 - FIXED-LENGTH DATA ELEMENTS--GENERAL INFORMATION
fixed length control field 131009n ii |||gr||||Z||||||asm
040 ## - CATALOGING SOURCE
Transcribing agency MAIN
082 ## - DEWEY DECIMAL CLASSIFICATION NUMBER
Classification number 954
245 ## - TITLE STATEMENT
Title Bharat Buranji
Statement of responsibility, etc. By Prafulla Kumar Baruah
260 ## - PUBLICATION, DISTRIBUTION, ETC.
Place of publication, distribution, etc. Guwahati:
Name of publisher, distributor, etc. Banalata,
Date of publication, distribution, etc. 1992.
Place of publication, distribution, etc. Dibrugarh:
300 ## - PHYSICAL DESCRIPTION
Extent x,255p.
653 ## - INDEX TERM--UNCONTROLLED
Uncontrolled term History
653 ## - INDEX TERM--UNCONTROLLED
Uncontrolled term Bharat Buranji
700 ## - ADDED ENTRY--PERSONAL NAME
Personal name Baruah.Prafulla Kumar,
Relator term Author.,
942 ## - ADDED ENTRY ELEMENTS (KOHA)
Koha item type Books
Holdings
Withdrawn status Lost status Damaged status Not for loan Home library Current library Shelving location Date acquired Total checkouts Full call number Barcode Date last seen Date last checked out Copy number Price effective from Koha item type
        Naharkatiya College Library Naharkatiya College Library General stacks 09/19/2020 1 954 | BAR 3861 01/28/2021 12/29/2020 1 09/19/2020 Books